Score 0/12 Timer 01:00
0 Plays Today
% Correct
Dying
92.2%
Absalom
90.1%
Sound
83.6%
Dust
80.8%
Requiem
78.5%
August
75.3%
Forget
73.1%
Fable
67.7%
Moses
65.6%
Pay
44.7%
Intruder
43.6%
Unvanquished
43.2%

Today's Daily Dose

Remove Ads.
Support Sporcle.
Get the best of Sporcle when you Go Orange. This ad-free experience offers more features, more stats, and more fun while also helping to support Sporcle. Thank you for becoming a member.

You're not logged in!

Compare scores with friends on all Sporcle quizzes.
OR
Log In

Show Comments

Extras

Top Quizzes Today


Score Distribution

Your Account Isn't Verified!

In order to create a playlist on Sporcle, you need to verify the email address you used during registration. Go to your Sporcle Settings to finish the process.

Report this User

Report this user for behavior that violates our Community Guidelines.

Details: